000 01274nam0a2200313 4500
001 RU\NLR\bibl\40342
005 20260405175821.0
021 _aRU
_b99-19528
_9952
035 _a(NLR Aleph) 000039344
090 _a204467
_c204467
100 _a19990728d1999 |||y0rusy50 ca
101 0 _arus
102 _aRU
105 _ay |||||||||
200 1 _aКомбинаторно-логический подход к решению задач экономического и производственного характера
_fВ.В.Шевченко
_gРос. акад. наук, ВЦ
210 _aМ.
_cВЦ РАН
_d1999
215 _a27 с.
_d20
225 1 _aСообщения по прикладной математике
320 _aБиблиогр.: с.27
606 0 _aПроизводственно-экономические процессы
_xМоделирование
_92111169
_3RU\NLR\auth\661275879
686 _aУ010.02
700 1 _4070
_8rus
_7ca
_aШевченко
_bВ. В.
_cматематик
_f1953-
_gВасилий Владимирович
_3RU\NLR\AUTH\7776831
_959759
801 0 _aRU
_bNLR
_c19990728
_gPSBO
801 1 _aRU
_bNLR
_c19990728
852 _aNLR
_j99-4/5529
942 _cBOOK
980 _aNB